000 00325nam a2200133Ia 4500
008 240624s9999 xx 000 0 und d
041 _aeng
082 _a910 JHA
100 _aJHA S M
245 _aTOURISM MARKETING
260 _c2011
_aMumbai
_bHimalaya Publishing House
300 _a426 : p. : cm. ; 24
365 _cRS
_b30
999 _c19562
_d19562